Can you name these regional languages of France ? - Statistics

General Stats
  • This quiz has been taken 83 times
  • The average score is 12 of 24
Answer Stats
Picture Answer % Correct
Breton
95%
Basque
93%
Catalan
84%
Corsican
83%
Normand
83%
Picard
72%
West Flemish
68%
Lorrain
59%
Provencal
55%
Alsacian
53%
Walloon
53%
Francoprovencal
51%
Burgundian
43%
Franconian
35%
Gascon
35%
Limousin
35%
Gallo
32%
Languedocien
32%
Auvergnat
28%
Champenois
23%
Ligurian
23%
Poitevin
19%
Vivaro-alpine
8%
Franc-comptois
5%
No matching quizzes found
Score Distribution
Percent of People with Each Score
Percentile by Number Answered
Your Score History
You have not taken this quiz